Les 20 plus grandes villes de l'Yonne sur une carte - Statistiques

Statistiques générales
  • Ce quiz a été pris 82 fois
  • Le résultat moyen est 10 sur 20
Réponses sur la Carte
Les réponses sont colorées sur une échelle allant du rouge au vert en fonction du pourcentage des utilisateurs qui les ont devinées à leur premier essai. Vous pouvez retrouver ces pourcentages ci-dessous.
 
Statistiques - réponses
Commune Population % Correct
Auxerre 35 236
100%
Sens 27 275
100%
Joigny 9 055
82%
Avallon 6 346
81%
Tonnerre 4 268
79%
Migennes 6 878
72%
Monéteau 4 113
51%
Saint-Florentin 4 230
47%
Toucy 2 562
47%
Villeneuve-sur-Yonne 5 130
46%
Appoigny 3 133
44%
Pont-sur-Yonne 3 357
44%
Saint-Georges-sur-Baulche 3 176
35%
Paron 4 855
34%
Montholon 2 730
31%
Brienon-sur-Armançon 3 060
28%
Saint-Clément 2 813
28%
Charny Orée de Puisaye 4 854
26%
Cheny 2 231
16%
Villeneuve-la-Guyard 3 470
13%
Aucun quiz correspondant
Distribution des résultats
% des personnes avec chaque résultat
Percentile par nombre de réponses
Votre historique - résultats
Vous n’avez pas pris ce quiz